书目信息 |
| 题名: |
历代文言短文名篇鉴赏
|
|
| 作者: | 刘允声 , 刘亚丽 编著 | |
| 分册: | ||
| 出版信息: | 北京 北京出版社 1999.10 |
|
| 页数: | 753页 | |
| 开本: | 32开 | |
| 丛书名: | ||
| 单 册: | ||
| 中图分类: | I206.2 | |
| 科图分类: | ||
| 主题词: | 文学--中国 | |
| 电子资源: | ||
| ISBN: | 7-200-03610-2 | |
| 000 | 00615nam0 2200205 45 | |
| 001 | 0011111583 | |
| 005 | 20001111160137.7 | |
| 010 | @a7-200-03610-2@d30.00元 | |
| 100 | @a20001111d1999 km y0chiy0120 ea | |
| 101 | 0 | @achi |
| 105 | @a z 000yy | |
| 200 | 1 | @a历代文言短文名篇鉴赏@ALi Dai Wen Yan Duan Wen Ming Pian Jian Shang@f刘允声,刘亚丽编著@FLiu Yun Sheng,Liu Ya Li Bian Zhu |
| 210 | @a北京@c北京出版社@d1999.10 | |
| 215 | @a753页@d32开 | |
| 606 | 0 | @a文学@x中国 |
| 690 | @aI206.2@v3 | |
| 701 | 0 | @a刘允声@4编著 |
| 701 | 0 | @a刘亚丽@4编著 |
| 801 | @aCN@bPftUser@c20001111 | |
| 905 | @b403383@dI206.2@eL799@f1 | |
| 历代文言短文名篇鉴赏/刘允声,刘亚丽编著.-北京:北京出版社,1999.10 |
| 753页;32开 |
| ISBN 7-200-03610-2:30.00元 |
| ● |
| 相关链接 |
|
|
|
正题名:历代文言短文名篇鉴赏
索取号:I206.2/L799
 
预约/预借
| 序号 | 登录号 | 条形码 | 馆藏地/架位号 | 状态 | 备注 |
| 1 | 403383 | 204033839 | 文学库108/108文学库 5排3列2层/ [索取号:I206.2/L799] | 在馆 |